The agony and the ecstasy : A novel of Michelangelo

Bewaard in:
Bibliografische gegevens
Hoofdauteur: Stone, Irving
Formaat: Boek
Taal:Undetermined
Gepubliceerd in: Garden City Doubleday 1961
Onderwerpen:
Tags: Voeg label toe
Geen labels, Wees de eerste die dit record labelt!
Thư viện lưu trữ: Trung tâm Học liệu Trường Đại học Cần Thơ
LEADER 00522nam a2200205Ia 4500
001 CTU_81074
008 210402s9999 xx 000 0 und d
082 |a 813.5 
082 |b S878 
100 |a Stone, Irving 
245 4 |a The agony and the ecstasy : 
245 2 |b A novel of Michelangelo 
245 0 |c Irving Stone 
260 |a Garden City 
260 |b Doubleday 
260 |c 1961 
650 |a Italy 
650 |x Fiction 
904 |i Nguyên,Hải 
980 |a Trung tâm Học liệu Trường Đại học Cần Thơ